[Event "Titled Tuesday intern op 09th Jul Early"]
[Site "Chess.com INT"]
[Date "2024.07.09"]
[Round "9"]
[White "Aakash, G2."]
[Black "Banzea, Alexandru Bogdan"]
[Result "0-1"]
[WhiteElo "2265"]
[BlackElo "2394"]
[PlyCount "106"]
[EventDate "2024.07.09"]
[EventType "swiss (blitz)"]
[EventRounds "11"]
[EventCountry "USA"]
[SourceTitle "EXT 2025"]
[Source "ChessBase"]
[SourceDate "2024.10.14"]
[SourceVersion "1"]
[SourceVersionDate "2024.10.14"]
[SourceQuality "1"]

1. d4 Nf6 2. c4 g6 3. Nc3 Bg7 4. Nf3 d6 5. Bg5 h6 6. Bh4 c5 7. e3 g5 8. Bg3 Nh5 9. Be2 Nxg3 10. hxg3 g4 11. Nh4 cxd4 12. exd4 h5 13. f3 Nc6 14. fxg4 Nxd4 15. gxh5 Qb6 16. Qd2 Nxe2 17. Qxe2 Qa5 18. 0-0 Qxh5 19. Qxh5 Rxh5 20. Nd5 Bd4+ 21. Kh1 Bb6 22. Rae1 Be6 23. Nf4 Rh6 24. Nxe6 fxe6 25. Rf4 Kd7 26. b4 e5 27. Rf7 Bd4 28. Kh2 Rc8 29. Rc1 Rf6 30. Rxf6 exf6 31. Kh3 Ke6 32. Kg4 b5 33. c5 dxc5 34. bxc5 f5+ 35. Kf3 Rxc5 36. Rxc5 Bxc5 37. g4 fxg4+ 38. Kxg4 a5 39. Nf3 b4 40. Nd2 a4 41. Kf3 Kd5 42. g4 e4+ 43. Nxe4 Bd4 44. Nd2 Bc3 45. Nb1 Kc4 46. Ke2 Bf6 47. Kd2 Bg5+ 48. Kc2 a3 49. Kd1 Kd3 50. Ke1 Kc2 51. Ke2 Kxb1 52. Kd3 b3 53. axb3 a2 0-1

[Event "Titled Tuesday intern op 09th Jul Early"]
[Site "Chess.com INT"]
[Date "2024.07.09"]
[Round "1"]
[White "Banzea, Alexandru Bogdan"]
[Black "Crispin Ferreras, Darvi Abraham"]
[Result "1-0"]
[WhiteElo "2394"]
[BlackElo "2120"]
[PlyCount "71"]
[EventDate "2024.07.09"]
[EventType "swiss (blitz)"]
[EventRounds "11"]
[EventCountry "USA"]
[SourceTitle "EXT 2025"]
[Source "ChessBase"]
[SourceDate "2024.10.14"]
[SourceVersion "1"]
[SourceVersionDate "2024.10.14"]
[SourceQuality "1"]

1. d4 Nf6 2. Nc3 d5 3. Bf4 c6 4. e3 Bf5 5. f3 e6 6. g4 Bg6 7. h4 h6 8. Bd3 Bxd3 9. Qxd3 Bd6 10. Nge2 Bxf4 11. Nxf4 Qc7 12. 0-0-0 Nbd7 13. g5 Ng8 14. g6 Ndf6 15. gxf7+ Qxf7 16. Ng6 Rh7 17. Rhg1 0-0-0 18. Ne5 Qc7 19. Rg2 Ne7 20. Rdg1 Nf5 21. Rh2 h5 22. Ne2 c5 23. Nf4 Re8 24. Nxe6 Qd6 25. Nxc5 Rxe5 26. dxe5 Qxe5 27. Re2 Nxh4 28. Qb5 g5 29. Nd3 Qd6 30. Rxg5 Nxf3 31. Rf5 Nh4 32. Rf1 a6 33. Qc5+ Qxc5 34. Nxc5 Ng4 35. e4 d4 36. e5 1-0

[Event "Titled Tuesday intern op 09th Jul Early"]
[Site "Chess.com INT"]
[Date "2024.07.09"]
[Round "2"]
[White "Guevara Ruiz, Santiago Jose"]
[Black "Banzea, Alexandru Bogdan"]
[Result "0-1"]
[WhiteElo "2109"]
[BlackElo "2394"]
[PlyCount "50"]
[EventDate "2024.07.09"]
[EventType "swiss (blitz)"]
[EventRounds "11"]
[EventCountry "USA"]
[SourceTitle "EXT 2025"]
[Source "ChessBase"]
[SourceDate "2024.10.14"]
[SourceVersion "1"]
[SourceVersionDate "2024.10.14"]
[SourceQuality "1"]

1. e4 c6 2. d4 d5 3. e5 c5 4. dxc5 Nc6 5. f4 Nh6 6. Be3 g5 7. Nf3 Nf5 8. Bf2 gxf4 9. c3 Bg7 10. Bb5 e6 11. 0-0 Bd7 12. b4 Nxe5 13. Bxd7+ Qxd7 14. Re1 Ng4 15. Bd4 Nge3 16. Rxe3 Nxe3 17. Qd3 Rg8 18. g3 Nf5 19. Bf2 fxg3 20. hxg3 Bf6 21. Kg2 Qc7 22. Nd4 Bxd4 23. cxd4 h5 24. Nc3 h4 25. Nxd5 Qc6 0-1

[Event "Titled Tuesday intern op 26th Mar Late"]
[Site "Chess.com INT"]
[Date "2024.03.26"]
[Round "10"]
[White "Banzea, Alexandru Bogdan"]
[Black "Barria Zuniga, Daniel"]
[Result "0-1"]
[WhiteElo "2394"]
[BlackElo "2341"]
[PlyCount "34"]
[EventDate "2024.03.26"]
[EventType "swiss (blitz)"]
[EventRounds "11"]
[EventCountry "USA"]
[SourceTitle "EXT 2025"]
[Source "ChessBase"]
[SourceDate "2024.10.14"]
[SourceVersion "1"]
[SourceVersionDate "2024.10.14"]
[SourceQuality "1"]

1. d4 g6 2. e4 Bg7 3. Nc3 c5 4. Nf3 Qa5 5. dxc5 Nf6 6. Bd3 Qxc5 7. Be3 Qa5 8. e5 Ng4 9. Bd4 Nc6 10. Bb5 0-0 11. Bxc6 dxc6 12. h3 c5 13. hxg4 Rd8 14. Qd2 cxd4 15. Ne2 Qxd2+ 16. Kxd2 Bxg4 17. Nexd4 Bxf3 0-1

[Event "Titled Tuesday intern op 26th Mar Early"]
[Site "Chess.com INT"]
[Date "2024.03.26"]
[Round "1"]
[White "Banzea, Alexandru Bogdan"]
[Black "Niemann, Hans Moke"]
[Result "0-1"]
[WhiteElo "2394"]
[BlackElo "2676"]
[PlyCount "76"]
[EventDate "2024.03.26"]
[EventType "swiss (blitz)"]
[EventRounds "11"]
[EventCountry "USA"]
[SourceTitle "EXT 2025"]
[Source "ChessBase"]
[SourceDate "2024.10.14"]
[SourceVersion "1"]
[SourceVersionDate "2024.10.14"]
[SourceQuality "1"]

1. d4 Nf6 2. Nc3 d5 3. Bf4 a6 4. e3 h6 5. Bd3 c5 6. dxc5 Nc6 7. Nf3 Bg4 8. Be2 e6 9. h3 Bxf3 10. Bxf3 Bxc5 11. 0-0 Bb4 12. Nb1 0-0 13. c3 Bd6 14. Bxd6 Qxd6 15. Nd2 Rfd8 16. a4 Rac8 17. a5 e5 18. Qa4 Nd7 19. b4 Nf6 20. Rfd1 Qc7 21. Rac1 e4 22. Be2 Ne5 23. Nb3 g6 24. Nc5 Kg7 25. Qa2 h5 26. c4 dxc4 27. Bxc4 Rxd1+ 28. Rxd1 Nc6 29. Qb2 Nxb4 30. Qxb4 Qxc5 31. Qxc5 Rxc5 32. Bf1 Rxa5 33. Rd6 b5 34. Rb6 Ra1 35. g3 Nd5 36. Rb7 Nc3 37. Kg2 Ra2 38. Kg1 Nd1 0-1

[Event "Titled Tuesday intern op 26th Mar Late"]
[Site "Chess.com INT"]
[Date "2024.03.26"]
[Round "2"]
[White "Bornholdt, Joa Max"]
[Black "Banzea, Alexandru Bogdan"]
[Result "0-1"]
[WhiteElo "2268"]
[BlackElo "2394"]
[PlyCount "58"]
[EventDate "2024.03.26"]
[EventType "swiss (blitz)"]
[EventRounds "11"]
[EventCountry "USA"]
[SourceTitle "EXT 2025"]
[Source "ChessBase"]
[SourceDate "2024.10.14"]
[SourceVersion "1"]
[SourceVersionDate "2024.10.14"]
[SourceQuality "1"]

1. e4 c6 2. Nc3 d5 3. Nf3 dxe4 4. Nxe4 Nf6 5. Qe2 Nxe4 6. Qxe4 Be6 7. b3 Nd7 8. Bb2 Nf6 9. Qe2 Bf5 10. Ne5 h5 11. 0-0-0 e6 12. f3 h4 13. Rg1 Qa5 14. Kb1 Bxc2+ 15. Kxc2 Qc5+ 16. Kb1 Qxg1 17. d4 Qxh2 18. Qe3 Nd5 19. Qf2 Bd6 20. Bd3 Bxe5 21. dxe5 h3 22. Rg1 0-0-0 23. Qxa7 hxg2 24. Be4 Qxg1+ 25. Qxg1 Rh1 26. Bd4 Rxg1+ 27. Bxg1 Nc3+ 28. Kc2 Nxe4 29. fxe4 Rh8 0-1

[Event "Titled Tuesday intern op 26th Mar Early"]
[Site "Chess.com INT"]
[Date "2024.03.26"]
[Round "2"]
[White "Melikhov, Evgeny V"]
[Black "Banzea, Alexandru Bogdan"]
[Result "1-0"]
[WhiteElo "2172"]
[BlackElo "2394"]
[PlyCount "61"]
[EventDate "2024.03.26"]
[EventType "swiss (blitz)"]
[EventRounds "11"]
[EventCountry "USA"]
[SourceTitle "EXT 2025"]
[Source "ChessBase"]
[SourceDate "2024.10.14"]
[SourceVersion "1"]
[SourceVersionDate "2024.10.14"]
[SourceQuality "1"]

1. d4 Nf6 2. c4 g6 3. Nc3 Bg7 4. e4 d6 5. f3 0-0 6. Be3 a6 7. Qd2 Nc6 8. Nge2 Na5 9. Ng3 b5 10. Bh6 Nxc4 11. Bxc4 bxc4 12. h4 Bxh6 13. Qxh6 Rb8 14. 0-0-0 c6 15. h5 Qb6 16. Rd2 e5 17. hxg6 fxg6 18. d5 c5 19. Nf1 Bd7 20. Ne3 Rf7 21. g4 a5 22. Nxc4 Qa6 23. Ne3 a4 24. a3 Be8 25. g5 Nh5 26. Ng4 Rxf3 27. Nf6+ Nxf6 28. gxf6 Rf1+ 29. Nd1 Qc4+ 30. Rc2 Rxd1+ 31. Rxd1 1-0

[Event "Titled Tuesday intern op 19th Mar Late"]
[Site "Chess.com INT"]
[Date "2024.03.19"]
[Round "2"]
[White "Banzea, Alexandru Bogdan"]
[Black "Ghasi, Ameet K"]
[Result "1-0"]
[WhiteElo "2394"]
[BlackElo "2485"]
[PlyCount "67"]
[EventDate "2024.03.19"]
[EventType "swiss (blitz)"]
[EventRounds "11"]
[EventCountry "USA"]
[SourceTitle "EXT 2025"]
[Source "ChessBase"]
[SourceDate "2024.10.14"]
[SourceVersion "1"]
[SourceVersionDate "2024.10.14"]
[SourceQuality "1"]

1. d4 d6 2. e4 g6 3. Nc3 Bg7 4. h4 a6 5. h5 b5 6. h6 Bf6 7. f4 e5 8. dxe5 dxe5 9. Qxd8+ Bxd8 10. Nf3 Nc6 11. fxe5 Bg4 12. Bf4 Nge7 13. Nd5 Nc8 14. 0-0-0 0-0 15. Nf6+ Bxf6 16. exf6 Re8 17. Rh4 Bxf3 18. gxf3 Nd6 19. Bxd6 cxd6 20. Rxd6 Rac8 21. Bh3 Rc7 22. Bd7 Rd8 23. Rxc6 Rcxd7 24. b3 a5 25. Rc5 a4 26. Rxb5 a3 27. Rh1 Rd2 28. Ra5 Rf2 29. Rd1 Rc8 30. Rc5 Rf8 31. Rd3 Rf1+ 32. Kd2 Ra1 33. Rcd5 Rxa2 34. Rd8 1-0

[Event "Titled Tuesday intern op 19th Mar Late"]
[Site "Chess.com INT"]
[Date "2024.03.19"]
[Round "3"]
[White "Quesada Perez, Yuniesky"]
[Black "Banzea, Alexandru Bogdan"]
[Result "1-0"]
[WhiteElo "2591"]
[BlackElo "2394"]
[PlyCount "55"]
[EventDate "2024.03.19"]
[EventType "swiss (blitz)"]
[EventRounds "11"]
[EventCountry "USA"]
[SourceTitle "EXT 2025"]
[Source "ChessBase"]
[SourceDate "2024.10.14"]
[SourceVersion "1"]
[SourceVersionDate "2024.10.14"]
[SourceQuality "1"]

1. e4 c6 2. d4 d5 3. e5 c5 4. dxc5 Nc6 5. f4 Nh6 6. Nf3 Bg4 7. Be3 g5 8. fxg5 Nf5 9. Bf2 e6 10. Nbd2 h6 11. g6 fxg6 12. h3 Bxf3 13. Qxf3 Nxe5 14. Qb3 Qc7 15. g4 Ne7 16. Bb5+ N5c6 17. 0-0-0 Bg7 18. Rhe1 0-0 19. Bg3 e5 20. Nf3 Kh7 21. Bxc6 Nxc6 22. Rxd5 Qa5 23. Rd7 Rad8 24. Rxd8 Rxd8 25. a3 Nd4 26. Nxd4 Rxd4 27. Qxb7 Qxc5 28. Bxe5 1-0

[Event "Titled Tuesday intern op 12th Mar Late"]
[Site "Chess.com INT"]
[Date "2024.03.12"]
[Round "11"]
[White "Banzea, Alexandru Bogdan"]
[Black "Grahn, Vidar"]
[Result "1-0"]
[WhiteElo "2394"]
[BlackElo "2226"]
[PlyCount "29"]
[EventDate "2024.03.12"]
[EventType "swiss (blitz)"]
[EventRounds "11"]
[EventCountry "USA"]
[SourceTitle "CBM 219 Extra"]
[Source "ChessBase"]
[SourceDate "2024.05.31"]
[SourceVersion "1"]
[SourceVersionDate "2024.05.31"]
[SourceQuality "1"]

1. d4 d5 2. Nc3 Nf6 3. Bf4 g6 4. e3 Bg7 5. h4 h5 6. Nf3 0-0 7. Ne5 c5 8. dxc5 Qa5 9. Qd2 Nc6 10. Nxc6 bxc6 11. Be5 Qxc5 12. Na4 Ne4 13. Nxc5 Nxd2 14. Bxg7 Nxf1 15. Bxf8 1-0

[Event "Titled Tuesday intern op 12th Mar Early"]
[Site "Chess.com INT"]
[Date "2024.03.12"]
[Round "5"]
[White "Banzea, Alexandru Bogdan"]
[Black "Khakhinov, Ilya"]
[Result "1-0"]
[WhiteElo "2394"]
[BlackElo "2236"]
[PlyCount "53"]
[EventDate "2024.03.12"]
[EventType "swiss (blitz)"]
[EventRounds "11"]
[EventCountry "USA"]
[SourceTitle "CBM 219 Extra"]
[Source "ChessBase"]
[SourceDate "2024.05.31"]
[SourceVersion "1"]
[SourceVersionDate "2024.05.31"]
[SourceQuality "1"]

1. d4 d5 2. Nc3 e6 3. Bf4 Bd6 4. e3 Bxf4 5. exf4 Nf6 6. Nf3 0-0 7. Bd3 c5 8. dxc5 Qc7 9. Ne2 Qxc5 10. 0-0 Nc6 11. c3 b5 12. Ned4 Nxd4 13. Nxd4 b4 14. Rc1 bxc3 15. Rxc3 Qb6 16. Rb3 Qa5 17. Nc6 Qc7 18. Ne5 Bb7 19. g4 Ne4 20. g5 f6 21. Bxe4 fxe5 22. Bxh7+ Kxh7 23. Qh5+ Kg8 24. g6 Rxf4 25. Qh7+ Kf8 26. Rxb7 Qxb7 27. Qh8+ 1-0

[Event "Titled Tuesday intern op 12th Mar Late"]
[Site "Chess.com INT"]
[Date "2024.03.12"]
[Round "4"]
[White "Banzea, Alexandru Bogdan"]
[Black "Mizzi, Jack"]
[Result "1-0"]
[WhiteElo "2394"]
[BlackElo "2043"]
[PlyCount "67"]
[EventDate "2024.03.12"]
[EventType "swiss (blitz)"]
[EventRounds "11"]
[EventCountry "USA"]
[SourceTitle "CBM 219 Extra"]
[Source "ChessBase"]
[SourceDate "2024.05.31"]
[SourceVersion "1"]
[SourceVersionDate "2024.05.31"]
[SourceQuality "1"]

1. d4 Nf6 2. Nc3 d5 3. Bf4 e6 4. e3 Bb4 5. Bd3 c5 6. dxc5 Bxc5 7. Nf3 Nc6 8. 0-0 Bd6 9. Bxd6 Qxd6 10. e4 dxe4 11. Nxe4 Nxe4 12. Bxe4 Qxd1 13. Rfxd1 0-0 14. Bxc6 bxc6 15. Rd6 Rb8 16. b3 Bb7 17. Rad1 Rfc8 18. Rd7 f6 19. Nd4 Re8 20. Rc7 Red8 21. Rxg7+ Kh8 22. Rd3 Rxd4 23. Rxb7 Rbd8 24. Rxd4 Rxd4 25. g3 Rd1+ 26. Kg2 Rd2 27. Rxa7 Rxc2 28. Rc7 Kg8 29. a4 Rc3 30. b4 Rc4 31. a5 Rxb4 32. a6 Rb6 33. a7 Ra6 34. Rc8+ 1-0

[Event "Titled Tuesday intern op 30th Jan Late"]
[Site "Chess.com INT"]
[Date "2024.01.30"]
[Round "9"]
[White "Banzea, Alexandru Bogdan"]
[Black "Mekhitarian, Krikor Sevag"]
[Result "1-0"]
[WhiteElo "2394"]
[BlackElo "2554"]
[PlyCount "55"]
[EventDate "2024.01.30"]
[EventType "swiss (blitz)"]
[EventRounds "11"]
[EventCountry "USA"]
[SourceTitle "EXT 2025"]
[Source "ChessBase"]
[SourceDate "2024.10.14"]
[SourceVersion "1"]
[SourceVersionDate "2024.10.14"]
[SourceQuality "1"]

1. d4 Nf6 2. Nc3 d5 3. Bf4 a6 4. e3 Bf5 5. f3 h6 6. g4 Bh7 7. Bd3 Bxd3 8. Qxd3 e6 9. Nge2 c5 10. e4 Nc6 11. 0-0-0 c4 12. Qe3 Bb4 13. h4 dxe4 14. fxe4 Nxg4 15. Qg3 h5 16. d5 exd5 17. Nxd5 Qa5 18. Nc7+ Kf8 19. a3 Bxa3 20. Qxa3+ Qxa3 21. bxa3 Rc8 22. Rhf1 Kg8 23. Rd7 f6 24. Ne6 Rh7 25. Rxb7 c3 26. Rd1 Nce5 27. Bxe5 Nxe5 28. Nxc3 1-0

[Event "Titled Tuesday intern op 30th Jan Late"]
[Site "Chess.com INT"]
[Date "2024.01.30"]
[Round "11"]
[White "Vlasova, Olesia"]
[Black "Banzea, Alexandru Bogdan"]
[Result "1-0"]
[WhiteElo "1826"]
[BlackElo "2394"]
[PlyCount "43"]
[EventDate "2024.01.30"]
[EventType "swiss (blitz)"]
[EventRounds "11"]
[EventCountry "USA"]
[SourceTitle "EXT 2025"]
[Source "ChessBase"]
[SourceDate "2024.10.14"]
[SourceVersion "1"]
[SourceVersionDate "2024.10.14"]
[SourceQuality "1"]

1. d4 Nf6 2. c4 g6 3. g3 Bg7 4. Bg2 d6 5. Nc3 0-0 6. Nf3 Nc6 7. 0-0 e5 8. d5 Nb8 9. c5 Na6 10. cxd6 cxd6 11. a4 Nc5 12. Nd2 a5 13. Nc4 Ne8 14. f4 Bd7 15. fxe5 dxe5 16. Be3 Rc8 17. d6 e4 18. Nd5 f5 19. Ne7+ Kh8 20. Nxc8 Qxc8 21. Rc1 Bxa4 22. Nb6 1-0

[Event "Titled Tuesday intern op 23rd Jan Late"]
[Site "Chess.com INT"]
[Date "2024.01.23"]
[Round "5"]
[White "Banzea, Alexandru Bogdan"]
[Black "Bambino Filho, Antonio Carlos"]
[Result "0-1"]
[WhiteElo "2394"]
[BlackElo "2166"]
[PlyCount "68"]
[EventDate "2024.01.23"]
[EventType "swiss (blitz)"]
[EventRounds "11"]
[EventCountry "USA"]
[SourceTitle "CBM 218 Extra"]
[Source "ChessBase"]
[SourceDate "2024.03.31"]
[SourceVersion "1"]
[SourceVersionDate "2024.03.31"]
[SourceQuality "1"]

1. d4 Nf6 2. Nc3 c5 3. d5 d6 4. e4 g6 5. Nf3 Bg7 6. Bc4 0-0 7. 0-0 Na6 8. h3 Nc7 9. Bf4 b5 10. Nxb5 Nxe4 11. Nxc7 Qxc7 12. c3 Rb8 13. Re1 Nf6 14. Re2 Re8 15. Qa4 Bd7 16. Qa3 Bb5 17. Bxb5 Rxb5 18. c4 Rb4 19. Nd2 Nxd5 20. cxd5 Rxf4 21. Rae1 Rd4 22. Nf3 Rb4 23. b3 Bf6 24. Qa6 Qb7 25. Qd3 Rc8 26. Nd2 Rd4 27. Qe3 Qxd5 28. Nc4 Rd1 29. g3 Rxe1+ 30. Rxe1 Qf5 31. h4 Bd4 32. Qe2 d5 33. Nd2 Rc6 34. Nf3 Re6 0-1

[Event "Titled Tuesday intern op 23rd Jan Late"]
[Site "Chess.com INT"]
[Date "2024.01.23"]
[Round "4"]
[White "Zhigalko, Sergei"]
[Black "Banzea, Alexandru Bogdan"]
[Result "1-0"]
[WhiteElo "2572"]
[BlackElo "2394"]
[PlyCount "51"]
[EventDate "2024.01.23"]
[EventType "swiss (blitz)"]
[EventRounds "11"]
[EventCountry "USA"]
[SourceTitle "CBM 218 Extra"]
[Source "ChessBase"]
[SourceDate "2024.03.31"]
[SourceVersion "1"]
[SourceVersionDate "2024.03.31"]
[SourceQuality "1"]

1. e4 c5 2. Nf3 g6 3. c3 d5 4. exd5 Qxd5 5. d4 Bg7 6. Na3 cxd4 7. Bc4 Qe4+ 8. Be3 Nh6 9. Nb5 0-0 10. cxd4 Nf5 11. Qe2 Nxe3 12. fxe3 Nc6 13. 0-0 Bg4 14. Nc3 Bxf3 15. Rxf3 Qh4 16. Rf4 Qh6 17. Raf1 e6 18. Ne4 Rad8 19. Qf2 Nxd4 20. Rh4 Qxh4 21. Qxh4 Nf5 22. Rxf5 exf5 23. Ng5 h6 24. Nxf7 Rd1+ 25. Kf2 Rd2+ 26. Ke1 1-0

[Event "Titled Tuesday intern op 09th Jan Early"]
[Site "Chess.com INT"]
[Date "2024.01.09"]
[Round "8"]
[White "Anton Guijarro, David"]
[Black "Banzea, Alexandru Bogdan"]
[Result "1-0"]
[WhiteElo "2670"]
[BlackElo "2394"]
[PlyCount "97"]
[EventDate "2024.01.09"]
[EventType "swiss (blitz)"]
[EventRounds "11"]
[EventCountry "USA"]
[SourceTitle "CBM 218 Extra"]
[Source "ChessBase"]
[SourceDate "2024.03.31"]
[SourceVersion "1"]
[SourceVersionDate "2024.03.31"]
[SourceQuality "1"]

1. Nf3 Nf6 2. b3 g6 3. Bb2 d6 4. d4 Bg7 5. g3 0-0 6. Bg2 a5 7. 0-0 a4 8. c4 axb3 9. Qxb3 Nc6 10. Nbd2 Nd7 11. e3 e5 12. Rfd1 h6 13. a4 Kh7 14. Bc3 f5 15. a5 e4 16. Ne1 Nf6 17. Nc2 g5 18. d5 Ne5 19. Bxe5 dxe5 20. c5 Qxd5 21. Qxd5 Nxd5 22. Nxe4 Ne7 23. Nc3 e4 24. Nd4 Nc6 25. Ncb5 Rxa5 26. Rxa5 Nxa5 27. Nxc7 Rd8 28. g4 Nc6 29. Ncb5 Bf8 30. Rc1 Ne5 31. Nxf5 Bxf5 32. gxf5 Nf3+ 33. Bxf3 exf3 34. Nd4 Rc8 35. Rb1 Bxc5 36. Rxb7+ Kg8 37. Nxf3 Rf8 38. e4 Re8 39. Rb5 Bf8 40. e5 Ra8 41. h3 Rc8 42. Kg2 Rc4 43. e6 Rf4 44. Nh2 Kg7 45. Ng4 h5 46. f6+ Kg6 47. e7 Bxe7 48. fxe7 Re4 49. Ne5+ 1-0

[Event "Titled Tuesday intern op 09th Jan Early"]
[Site "Chess.com INT"]
[Date "2024.01.09"]
[Round "5"]
[White "Rogov, Matfey"]
[Black "Banzea, Alexandru Bogdan"]
[Result "0-1"]
[WhiteElo "2200"]
[BlackElo "2394"]
[PlyCount "96"]
[EventDate "2024.01.09"]
[EventType "swiss (blitz)"]
[EventRounds "11"]
[EventCountry "USA"]
[SourceTitle "CBM 218 Extra"]
[Source "ChessBase"]
[SourceDate "2024.03.31"]
[SourceVersion "1"]
[SourceVersionDate "2024.03.31"]
[SourceQuality "1"]

1. e4 c6 2. d4 d5 3. f3 e6 4. Nc3 Nf6 5. e5 Nfd7 6. f4 c5 7. Nf3 Nc6 8. Be3 Be7 9. Qd2 0-0 10. dxc5 Qa5 11. 0-0-0 b6 12. Bb5 Nb4 13. a3 bxc5 14. Kb1 Rb8 15. axb4 cxb4 16. Nxd5 exd5 17. Bxd7 Bxd7 18. Qxd5 Qxd5 19. Rxd5 Bc6 20. Ra5 b3 21. c3 Rfd8 22. Bd4 Be4+ 23. Kc1 Rbc8 24. Rxa7 Bxf3 25. Rxe7 Rxd4 26. gxf3 Rxf4 27. e6 Rxf3 28. Rg1 g6 29. Kd2 Rd8+ 30. Rd7 Re8 31. e7 f5 32. Re1 Rf2+ 33. Kd3 Rxb2 34. c4 Rxh2 35. c5 Rc2 36. Kd4 Rd2+ 37. Ke5 Rxd7 38. Kf6 b2 39. c6 Rdxe7 40. Rxe7 Rxe7 41. Kxe7 b1Q 42. c7 Qc2 43. Kf6 f4 44. Kg5 f3 45. Kh6 f2 46. c8Q+ Qxc8 47. Kg5 f1Q 48. Kh6 Qf4# 0-1